00441 2200181 4500001002100000005001500021008004100036020001800077035001900095041000700114082000800121090001400129100001700143245003000160260003100190300001800221650002000239INLIS00000000001510320241224114854241224||||||||| | ||| |||| || |  a979-3970-60-X 0010-1224015103 aid0 a500 a500 WIB s0 aSAKTI WIBOWO00aSiapa Yang Menelan Bulan? aJakartabImagestudioc2007 a24hlm;18x26cm 0aIlmu-ilmu Murni